عرض عادي
عرض مارك
- Greek language, Modern
مدخل مصطلح موضوعي
001 - رقم الضبط
- حقل الضبط: 7333
003 - معرف رقم الضبط
- حقل الضبط: OSt
005 - تاريخ ووقت أخر عملية
- حقل الضبط: 20111208103722.0
008 - عناصر بيانات ثابتة الطول
- حقل تحكم ثابت الطول: 111208|||a|||||| | ||| d
040 ## - مصدر الفهرسة
- هيئة الفهرسة الأصلية: OSt
- وكالة الكتابة: OSt
150 ## - مدخل-- مصطلح تاريخي
- عنصر مدخل المصطلح الموضوعي او الاسم الجغرافي: Greek language, Modern
- تفريع عام: Political aspects
- تفريع عام: History.
670 ## - بيانات المصدر موجوده
- الاستشهاد بالمصدر: Work cat.: (OSt)20576: Mackridge, Peter. 7332, Language and national identity in Greece, 1766-1976 /, 2009.
